000 00316pab a2200133 454500
008 180718b2005 xxu||||| |||| 00| 0 eng d
100 _aAli, Mansoor
245 _aWho is behind "street democracy" in CIS countries?
260 _c2005
300 _ap.5.
362 _a2 Jul
773 _aMainstream
909 _a65908
999 _c65908
_d65908